Statystyka małych obszarów w badaniach podmiotów gospodarczych

Na minha lista:
Detalhes bibliográficos
Outros Autores: Paradysz, Jan
Formato: Livro
Idioma:polonês
inglês
Publicado em: Poznań Wydawnictwo Uniwersytetu Ekonomicznego w Poznaniu 2009
Colecção:Zeszyty naukowe 116
Assuntos:
Tags: Adicionar Tag
Sem tags, seja o primeiro a adicionar uma tag!

MARC

LEADER 00000nam$a2200000$$$4500
001 0107931
005 20230120103816.4
020 |a 978-83-7417-399-5 
022 |a 1689-7374 
041 0 |a pol 
041 0 |a eng 
044 |a PL 
245 1 0 |a Statystyka małych obszarów w badaniach podmiotów gospodarczych  |c redaktor naukowy Jan Paradysz 
264 1 |a Poznań  |b Wydawnictwo Uniwersytetu Ekonomicznego w Poznaniu  |c 2009 
300 |a 105 s. 
490 1 |a Zeszyty naukowe  |v 116 
830 0 |a Zeszyty naukowe  |v 116 
610 2 0 |a štatistika 
610 2 0 |a podnik malý 
610 2 0 |a riziko operačné 
610 2 0 |a Poľsko 
700 1 |a Paradysz, Jan